Tại sao tôi bị mọi người ghét? Những kỹ năng xây dựng tình bạn giúp trẻ thành công trên đường đời
Salvato in:
| Autore principale: | |
|---|---|
| Altri autori: | |
| Natura: | Libro |
| Lingua: | Vietnamese |
| Pubblicazione: |
Tp. Hồ Chí Minh
Trẻ
2006
|
| Soggetti: | |
| Tags: |
Aggiungi Tag
Nessun Tag, puoi essere il primo ad aggiungerne! !
|
| Thư viện lưu trữ: | Trung tâm Học liệu Lê Vũ Hùng, Trường Đại học Đồng Tháp |
|---|
| LEADER | 00861aam a22002418a 4500 | ||
|---|---|---|---|
| 001 | 00028467 | ||
| 005 | 20171026081025.0 | ||
| 008 | 120328s2006 ||||||viesd | ||
| 020 | |c 55000 | ||
| 041 | 0 | # | |a vie |
| 082 | 1 | 4 | |a 158.1 |b T103S |
| 100 | 1 | # | |a Borba, Michele |
| 245 | 1 | 0 | |c Michele Borba; Lê Minh Cẩn dịch |a Tại sao tôi bị mọi người ghét? |b Những kỹ năng xây dựng tình bạn giúp trẻ thành công trên đường đời |
| 260 | # | # | |a Tp. Hồ Chí Minh |b Trẻ |c 2006 |
| 300 | # | # | |a 458tr. |c 19cm. |
| 650 | # | 4 | |a Tâm lý học |
| 653 | # | # | |a Trẻ em |
| 653 | # | # | |a Tâm lý cá nhân |
| 700 | 1 | # | |a Lê, Minh Cẩn |e dịch |
| 852 | # | # | |b Kho đọc |j KD.0013175 |
| 852 | # | # | |j KD.0013175 |
| 910 | |d 28/03/2012 | ||
| 980 | # | # | |a Trung tâm Học liệu Lê Vũ Hùng, Trường Đại học Đồng Tháp |